000 00560cam a2200205ua 4500
001 7166
008 141127n ii |||gr||||Z||||||eng
020 _a9788123722078
040 _cMAIN
041 _aeng
082 _a371
100 _aHarlen,W.,
_eAuthor.
245 _aUNESCO sourcebook for science in the primary school :
_bWorkshop approach to teacher education /
_cBy Wynne Harlen .
250 _a1st.
260 _aNew Delhi:
_bNational,
_c2010.
300 _a271p.
653 _aPrimary schools
700 _aElstgeest,J.,
_eAuthor.
942 _cBK
999 _c6292
_d6292